000 00854nam a2200301Ia 4500
003 OSt
005 20220912150552.0
006 a|||||r|||| 00| 0
007 ta
008 220909b |||||||| |||| 00| 0 eng d
020 _a0632029633
024 _a14972
037 _cTextual
040 _aCSL
_beng
_cCSL
041 _aeng
082 _aE1, M8;N1
100 _aEbseorth E A V
245 0 _aStructural methods in inorganic chemistry
250 _a2
260 _aLondon
_bBlackwell scientific publications
_c1987
300 _axiv, 510p.
_ccm.
500 _aAppendix 461-479p.
_ccm.; Index 493-510p.
_ccm.
650 _aInorganic chemistry
700 _a Cradock Stephen
700 _a Rankin David W H
942 _hE1, M8;N1
_cTEXL
_2CC
999 _c50278
_d50278